[Event "Rated Blitz game"]
[Site "?"]
[Date "2021.04.27"]
[Round "?"]
[White "alhabsyi78"]
[Black "GoughPhar"]
[Result "1-0"]
[WhiteElo "2367"]
[BlackElo "2437"]
[PlyCount "99"]
[EventDate "2021.??.??"]
[EventType "blitz"]

1. e4 e5 2. Nf3 d5 3. exd5 e4 4. Nd4 Nf6 5. c4 c6 6. d3 cxd5 7. Be2 dxc4 8.
dxe4 Nxe4 9. O-O Bc5 10. Nb5 Qb6 11. Bxc4 Nxf2 12. Qe2+ Ne4+ 13. Kh1 f5 14.
N1c3 Be6 15. Nxe4 Bxc4 16. Ned6+ Kd7 17. Qxc4 Bxd6 18. Nxd6 Qxd6 19. Bf4 Qc6
20. Rad1+ Ke7 21. Rfe1+ Kf6 22. Rd6+ Qxd6 23. Bxd6 Nc6 24. Qc3+ Kf7 25. b4 Rhe8
26. b5 Nd4 27. Rxe8 Rxe8 28. g4 Re4 29. gxf5 Nxf5 30. Qc7+ Kg6 31. Qxb7 Nxd6
32. Qc6 Re6 33. a4 Kf6 34. a5 Nf5 35. Qxe6+ Kxe6 36. b6 axb6 37. a6 b5 38. a7
b4 39. a8=Q Nd4 40. Qg8+ Kd6 41. Qxg7 Kc5 42. Qxh7 b3 43. h4 Kc4 44. h5 Kc3 45.
h6 b2 46. Qb1 Nb3 47. h7 Nd2 48. h8=Q+ Kb3 49. Qbxb2+ Ka4 50. Qa8# {Normal} 1-0

[Event "Rated Blitz game"]
[Site "?"]
[Date "2021.04.27"]
[Round "?"]
[White "RL12"]
[Black "AsianLion"]
[Result "0-1"]
[WhiteElo "2565"]
[BlackElo "2579"]
[PlyCount "80"]
[EventDate "2021.??.??"]
[EventType "blitz"]

1. e4 e5 2. Nf3 d5 3. d3 Bd6 4. Nc3 d4 5. Ne2 Nc6 6. Ng3 h5 7. h4 f6 8. Nh2 Be6
9. Nxh5 Qd7 10. f4 g6 11. f5 gxf5 12. exf5 Bxf5 13. Ng3 Rxh4 14. Be2 e4 15.
Bh5+ Ke7 16. Nhf1 Rxh1 17. Nxh1 e3 18. g4 Be6 19. Nhg3 Ne5 20. c3 c5 21. Ne4
Nh6 22. Nxe3 dxe3 23. Bxe3 Nhxg4 24. Bxc5 Bxc5 25. Nxc5 Qd5 26. Nxe6 Nxd3+ 27.
Ke2 Qxe6+ 28. Kd2 Qe3+ 29. Kc2 Ngf2 30. Qg1 Qg5 31. Be2 Rd8 32. Bxd3 Nxd3 33.
Qh2 Ne5 34. Re1 Qf5+ 35. Kb3 Qe6+ 36. Kc2 Qf5+ 37. Kb3 Kf7 38. Qg2 Rd7 39. Rf1
Qe6+ 40. Kc2 Nc4 {Time forfeit} 0-1

[Event "Rated Blitz game"]
[Site "?"]
[Date "2021.04.27"]
[Round "?"]
[White "legato"]
[Black "PVP_MACTEP"]
[Result "1-0"]
[WhiteElo "2456"]
[BlackElo "2409"]
[PlyCount "47"]
[EventDate "2021.??.??"]
[EventType "blitz"]

1. e4 e5 2. Nf3 d5 3. exd5 e4 4. Qe2 Nf6 5. d3 Qxd5 6. Nbd2 Qe6 7. Nxe4 Be7 8.
Nxf6+ Qxf6 9. Qe5 Nc6 10. Qxf6 Bxf6 11. Be2 Nb4 12. Bd1 Bg4 13. Bd2 Bxf3 14.
Bxb4 Bxg2 15. Rg1 Bc6 16. Kd2 Bxb2 17. Rb1 Bd4 18. Bg4 Bxf2 19. Rg2 Bh4 20.
Re2+ Kd8 21. Rf1 Bg5+ 22. Kc3 f6 23. Be7+ Ke8 24. Bxf6+ {Normal} 1-0

[Event "Rated Blitz game"]
[Site "?"]
[Date "2021.04.26"]
[Round "?"]
[White "SausageAndTheBirds"]
[Black "annaly1979"]
[Result "1-0"]
[WhiteElo "2607"]
[BlackElo "2451"]
[PlyCount "129"]
[EventDate "2021.??.??"]
[EventType "blitz"]

1. e4 e5 2. Nf3 d5 3. exd5 e4 4. Ne5 Bd6 5. d4 Nf6 6. c4 b6 7. Qa4+ Bd7 8. Nxd7
Nbxd7 9. Nc3 O-O 10. Be2 h6 11. Be3 a6 12. O-O Re8 13. Rae1 Nh7 14. f4 exf3 15.
Bxf3 Ndf6 16. Bf2 Ng5 17. Rxe8+ Nxe8 18. Bd1 Nf6 19. Bh4 b5 20. cxb5 axb5 21.
Qxb5 Rb8 22. Qe2 Qd7 23. Bxg5 hxg5 24. Ba4 Qd8 25. Bc6 g4 26. g3 g6 27. a4 Kg7
28. a5 Bb4 29. a6 Ba5 30. a7 Rc8 31. Qa6 Bb6 32. a8=Q Bxd4+ 33. Kg2 Rxa8 34.
Bxa8 Qe7 35. Qe2 Qb4 36. Rf4 Qc5 37. Ne4 Nxe4 38. Qxe4 Bf6 39. Rxg4 Qb6 40. Rf4
Qxb2+ 41. Rf2 Qa3 42. Qf4 Qc3 43. Qxf6+ Qxf6 44. Rxf6 Kxf6 45. Kf3 Ke5 46. Bc6
f5 47. g4 g5 48. gxf5 Kxf5 49. Kg3 Kf6 50. Kg4 Kg6 51. Bd7 Kf6 52. Bf5 Ke5 53.
Kxg5 Kxd5 54. h4 c5 55. h5 c4 56. h6 c3 57. h7 Kd4 58. Bc2 Ke3 59. h8=Q Kd2 60.
Qh7 Kc1 61. Qd3 Kb2 62. Kf4 Kc1 63. Ba4 Kb2 64. Qc2+ Ka3 65. Qb3# {Normal} 1-0

[Event "Rated Blitz game"]
[Site "?"]
[Date "2021.04.26"]
[Round "?"]
[White "Plmlgs99"]
[Black "annaly1979"]
[Result "1-0"]
[WhiteElo "2472"]
[BlackElo "2401"]
[PlyCount "67"]
[EventDate "2021.??.??"]
[EventType "blitz"]

1. e4 e5 2. Nf3 d5 3. d3 dxe4 4. dxe4 Qxd1+ 5. Kxd1 Bg4 6. Be3 Nc6 7. c3 f6 8.
Nbd2 O-O-O 9. Kc2 Nge7 10. Bc4 Ng6 11. h3 Bd7 12. g3 a6 13. a4 Bd6 14. b4 f5
15. exf5 Bxf5+ 16. Kb2 e4 17. Ng5 Nce5 18. Be6+ Bxe6 19. Nxe6 Rd7 20. Ng5 Nd3+
21. Kc2 Rf8 22. Ngxe4 Nde5 23. f4 Nc6 24. b5 Na5 25. Bd4 Re8 26. h4 Rde7 27. h5
Nf8 28. Nxd6+ cxd6 29. Bb6 Ne6 30. Bxa5 Nc5 31. Bb4 Ne6 32. Bxd6 Rd7 33. Nc4
Red8 34. Nb6# {Normal} 1-0

[Event "Rated Blitz game"]
[Site "?"]
[Date "2021.04.26"]
[Round "?"]
[White "danieljaber"]
[Black "Gifroy"]
[Result "0-1"]
[WhiteElo "2422"]
[BlackElo "2434"]
[PlyCount "160"]
[EventDate "2021.??.??"]
[EventType "blitz"]

1. e4 e5 2. Nf3 d5 3. exd5 e4 4. Ne5 Qxd5 5. d4 exd3 6. Nxd3 Nc6 7. Nc3 Bb4 8.
Bd2 Bxc3 9. Bxc3 Nf6 10. Nf4 Qf5 11. Bxf6 Qxf6 12. Nd5 Qd6 13. Qe2+ Be6 14.
O-O-O O-O-O 15. Nb6+ axb6 16. Rxd6 Rxd6 17. Qe3 Rhd8 18. Be2 Nd4 19. Bd3 Bxa2
20. Qh3+ Be6 21. Qxh7 g6 22. h4 Nb3+ 23. Kb1 Nc5 24. Rd1 Kb8 25. h5 Bf5 26.
hxg6 fxg6 27. g4 Bxg4 28. Rg1 Nxd3 29. Rxg4 Nxf2 30. Rxg6 Ne4 31. Rxd6 Nxd6 32.
Qe7 Re8 33. Qd7 Rc8 34. b3 b5 35. Kb2 b6 36. Qc6 Re8 37. c4 bxc4 38. bxc4 Re2+
39. Kc1 Re4 40. c5 Rc4+ 41. Kb2 Rxc5 42. Qd7 Kb7 43. Qd8 Rb5+ 44. Kc3 Rc5+ 45.
Kb4 Rc4+ 46. Kb3 Rc6 47. Qe7 Rc5 48. Qh7 b5 49. Kb4 Kb6 50. Qd3 Rc4+ 51. Kb3
Kc6 52. Qe3 b4 53. Qf3+ Kb6 54. Qe3+ Kb5 55. Qe5+ Rc5 56. Qe6 Rc3+ 57. Kb2 Nc4+
58. Kb1 Na3+ 59. Kb2 Rc2+ 60. Ka1 Rc5 61. Qe2+ Kb6 62. Qe8 Nc2+ 63. Kb2 Na3 64.
Qb8+ Ka5 65. Qa8+ Kb5 66. Qb8+ Kc4 67. Qa7 Nb5 68. Qa6 c6 69. Qc8 Nc3 70. Qg8+
Nd5 71. Qf8 Kb5 72. Qf6 Nb6 73. Qe6 Rc3 74. Kb1 c5 75. Qe2+ Nc4 76. Qf1 Ka4 77.
Qd1+ b3 78. Ka1 Kb4 79. Qd2 Na3 80. Kb2 Nc2 {Time forfeit} 0-1

[Event "Rated Blitz game"]
[Site "?"]
[Date "2021.04.26"]
[Round "?"]
[White "micfel"]
[Black "Slimslik02"]
[Result "1-0"]
[WhiteElo "2419"]
[BlackElo "2345"]
[PlyCount "49"]
[EventDate "2021.??.??"]
[EventType "blitz"]

1. e4 e5 2. Nf3 d5 3. Nxe5 Bd6 4. d4 dxe4 5. Be2 Bxe5 6. dxe5 Qxd1+ 7. Bxd1 Nc6
8. Bf4 Bg4 9. Bxg4 Nd4 10. Bd1 Ne6 11. Be3 O-O-O 12. Nc3 f5 13. exf6 Nxf6 14.
O-O Kb8 15. Be2 h5 16. h3 g5 17. Rad1 Rdg8 18. Bc4 Re8 19. Bxe6 Rxe6 20. Bxg5
Rg8 21. Bxf6 Rxf6 22. Nxe4 Rfg6 23. g3 h4 24. g4 Re6 25. f3 {Normal} 1-0

[Event "Rated Blitz game"]
[Site "?"]
[Date "2021.04.26"]
[Round "?"]
[White "KAROINDAH"]
[Black "annaly1979"]
[Result "0-1"]
[WhiteElo "2427"]
[BlackElo "2426"]
[PlyCount "62"]
[EventDate "2021.??.??"]
[EventType "blitz"]

1. e4 e5 2. Nf3 d5 3. Nxe5 Qe7 4. d4 f6 5. Qh5+ g6 6. Nxg6 Qxe4+ 7. Be2 Qxg6 8.
Qxd5 Ne7 9. Qa5 b6 10. Qc3 Bb7 11. Bf3 Bxf3 12. Qxf3 Nbc6 13. O-O O-O-O 14. c3
Nf5 15. Qxc6 Rg8 16. Bf4 Bd6 17. Bg3 h5 18. Nd2 h4 19. Ne4 hxg3 20. fxg3 Rge8
21. Rae1 Kb8 22. Rf2 Nxg3 23. hxg3 Bxg3 24. Rxf6 Qh7 25. Nxg3 Rxe1+ 26. Kf2
Rde8 27. Rf3 Qc2+ 28. Ne2 R1xe2+ 29. Kg3 Rxg2+ 30. Kf4 Qd2+ 31. Kf5 Qg5# {
Normal} 0-1

[Event "Rated Blitz game"]
[Site "?"]
[Date "2021.04.26"]
[Round "?"]
[White "LeFaonOccitan"]
[Black "Senor_de_los_vientos"]
[Result "1-0"]
[WhiteElo "2441"]
[BlackElo "2364"]
[PlyCount "43"]
[EventDate "2021.??.??"]
[EventType "blitz"]

1. e4 e5 2. Nf3 d5 3. d3 Nc6 4. Nbd2 Nf6 5. Be2 Bc5 6. O-O O-O 7. c3 Bb6 8. a4
a6 9. Qc2 Bg4 10. b4 d4 11. Bb2 dxc3 12. Bxc3 a5 13. b5 Nd4 14. Bxd4 Bxd4 15.
Nxd4 Qd7 16. Bxg4 Qxg4 17. Nf5 Nh5 18. Ne3 Qg6 19. Nf3 Nf4 20. Nxe5 Qg5 21. Nf3
Qg6 22. Kh1 {Normal} 1-0

[Event "Rated Blitz game"]
[Site "?"]
[Date "2021.04.26"]
[Round "?"]
[White "Ringouz"]
[Black "Jomajo"]
[Result "0-1"]
[WhiteElo "2447"]
[BlackElo "2627"]
[PlyCount "44"]
[EventDate "2021.??.??"]
[EventType "blitz"]

1. e4 e5 2. Nf3 d5 3. exd5 e4 4. Nd4 Qxd5 5. Nb3 Nf6 6. Nc3 Qe5 7. Be2 Bd6 8.
d4 exd3 9. Qxd3 O-O 10. f4 Qe7 11. O-O Nc6 12. a3 Rd8 13. Qf3 a5 14. h3 a4 15.
Nd2 Nd4 16. Qd3 Bf5 17. Qc4 Nxc2 18. Ra2 Ne3 19. Qb5 c6 20. Qb6 Nfd5 21. Nxd5
Nxd5 22. Qxd8+ Rxd8 {Normal} 0-1

[Event "Rated Blitz game"]
[Site "?"]
[Date "2021.04.26"]
[Round "?"]
[White "Markiz02"]
[Black "pasha1984"]
[Result "0-1"]
[WhiteElo "2432"]
[BlackElo "2424"]
[PlyCount "132"]
[EventDate "2021.??.??"]
[EventType "blitz"]

1. e4 e5 2. Nf3 d5 3. exd5 e4 4. Qe2 Nf6 5. Nc3 Be7 6. Nxe4 Nxd5 7. Qd1 O-O 8.
Be2 Re8 9. O-O f5 10. Nc3 Bf6 11. d4 c6 12. Nxd5 Qxd5 13. b3 Be6 14. Bc4 Qd7
15. Bxe6+ Rxe6 16. Re1 Rxe1+ 17. Qxe1 Na6 18. Bb2 Re8 19. Qd2 Re4 20. Re1 c5
21. c3 cxd4 22. Nxd4 Bxd4 23. cxd4 Qd5 24. f3 Rxe1+ 25. Qxe1 Kf7 26. h4 Nc7 27.
h5 Ne6 28. Qh4 f4 29. Qg4 g6 30. hxg6+ hxg6 31. Bc3 b6 32. Qh4 a5 33. Qh7+ Kf6
34. Qh8+ Kf5 35. Qg8 Kg5 36. Qf7 Qd6 37. d5 Qxd5 38. Bf6+ Kf5 39. Bh4+ Ke5 40.
Qf6+ Kd6 41. Qe7+ Kc6 42. Bf6 Qc5+ 43. Kh2 Qh5+ 44. Kg1 Qc5+ 45. Qxc5+ Kxc5 46.
Kh2 Kb4 47. Kh3 Ka3 48. Kg4 Kxa2 49. Bd4 Nxd4 50. Kxf4 Kxb3 51. Kg5 a4 52. Kxg6
a3 53. f4 a2 54. g4 a1=Q 55. f5 Nxf5 56. gxf5 b5 57. f6 Qxf6+ 58. Kxf6 Kc2 59.
Ke5 b4 60. Kd4 b3 61. Ke4 b2 62. Kf4 b1=Q 63. Ke4 Qd1 64. Kf4 Qd3 65. Ke5 Kc3
66. Kf4 Qd4+ {Time forfeit} 0-1

[Event "Rated Blitz game"]
[Site "?"]
[Date "2021.04.26"]
[Round "?"]
[White "Lzikon"]
[Black "AlexVer7"]
[Result "1-0"]
[WhiteElo "2405"]
[BlackElo "2229"]
[PlyCount "33"]
[EventDate "2021.??.??"]
[EventType "blitz"]

1. e4 e5 2. Nf3 d5 3. exd5 Qxd5 4. Nc3 Qe6 5. Bb5+ c6 6. Ba4 Qg6 7. O-O Bh3 8.
Ne1 Qg4 9. Qxg4 Bxg4 10. d3 Nd7 11. Be3 b5 12. Bb3 a5 13. f3 Bf5 14. a4 b4 15.
Ne4 Bxe4 16. fxe4 Bc5 17. Bxf7+ {Time forfeit} 1-0

[Event "Rated Blitz game"]
[Site "?"]
[Date "2021.04.26"]
[Round "?"]
[White "Zezo_master"]
[Black "annaly1979"]
[Result "0-1"]
[WhiteElo "2349"]
[BlackElo "2412"]
[PlyCount "88"]
[EventDate "2021.??.??"]
[EventType "blitz"]

1. e4 e5 2. Nf3 d5 3. exd5 e4 4. Qe2 f5 5. d3 Nf6 6. dxe4 fxe4 7. Nc3 Bb4 8.
Qb5+ c6 9. Qxb4 exf3 10. gxf3 Nxd5 11. Nxd5 Qxd5 12. Qe4+ Qe6 13. Bc4 Qe7 14.
Bg5 Qxe4+ 15. fxe4 Bg4 16. Rg1 Bh5 17. Kd2 Nd7 18. Kc3 h6 19. Bh4 g5 20. Bg3
O-O-O 21. f4 Rde8 22. Rae1 Nc5 23. e5 gxf4 24. Bxf4 Ne6 25. Bg3 Ng5 26. Rgf1
Nf3 27. Re3 Ng5 28. h4 Ne6 29. Rf6 Bg4 30. Re4 Bh3 31. Re3 Bg4 32. Rf7 Rhf8 33.
Rxf8 Rxf8 34. b4 h5 35. a4 Kd7 36. b5 c5 37. Bd3 Nd4 38. Be4 b6 39. Kd3 Ke6 40.
c3 Nf5 41. Bxf5+ Rxf5 42. Ke4 Rf1 43. Kd3 Ra1 44. Re4 Bf5 {Normal} 0-1

[Event "Rated Blitz game"]
[Site "?"]
[Date "2021.04.26"]
[Round "?"]
[White "Jazzyjef"]
[Black "annaly1979"]
[Result "0-1"]
[WhiteElo "2538"]
[BlackElo "2446"]
[PlyCount "82"]
[EventDate "2021.??.??"]
[EventType "blitz"]

1. e4 e5 2. Nf3 d5 3. Nc3 dxe4 4. Nxe4 f5 5. Ng3 e4 6. Ne5 Nf6 7. d4 Be6 8. Bc4
Bxc4 9. Nxc4 Nc6 10. Nxf5 Qd5 11. Nce3 Qd7 12. c3 Bd6 13. O-O O-O 14. f3 exf3
15. Qxf3 Rae8 16. Bd2 Ne4 17. Rad1 Nxd2 18. Rxd2 Rxe3 19. Qxe3 Rxf5 20. Rdf2
Rxf2 21. Rxf2 h6 22. g3 Ne7 23. Qe4 c6 24. c4 Bc7 25. Kg2 Bb6 26. Rd2 Nf5 27.
d5 Ne3+ 28. Kf3 cxd5 29. cxd5 Qf7+ 30. Qf4 Qh5+ 31. g4 Qh3+ 32. Qg3 Qf1+ 33.
Ke4 Qc4+ 34. Kf3 Nf1 35. Qb8+ Kh7 36. Rd1 Qc2 37. Rxf1 Qd3+ 38. Kg2 Qe2+ 39.
Kg3 Qxf1 40. Qxb7 Qf2+ 41. Kh3 Qf3+ {Normal} 0-1

[Event "Rated Blitz game"]
[Site "?"]
[Date "2021.04.26"]
[Round "?"]
[White "AndyPipkin69"]
[Black "magos33"]
[Result "1-0"]
[WhiteElo "2550"]
[BlackElo "2380"]
[PlyCount "93"]
[EventDate "2021.??.??"]
[EventType "blitz"]

1. e4 e5 2. Nf3 d5 3. exd5 e4 4. Qe2 Nf6 5. Nc3 Be7 6. Nxe4 Ng8 7. d3 Qxd5 8.
Bd2 Nc6 9. Nc3 Qh5 10. O-O-O Be6 11. Ng5 Qxe2 12. Bxe2 Bxg5 13. Bxg5 Nd4 14.
Rhe1 Nxe2+ 15. Rxe2 Kd7 16. Ne4 b6 17. h3 h6 18. Be3 Ne7 19. g4 f5 20. gxf5
Nxf5 21. Bd2 Rae8 22. Bc3 Rhf8 23. d4 c6 24. Bb4 Rf7 25. b3 Nh4 26. Nd6 Ref8
27. Nxf7 Rxf7 28. Rde1 Bxh3 29. Re7+ Rxe7 30. Rxe7+ Kc8 31. Rxg7 a5 32. Bd6 Nf5
33. Rg8+ Kd7 34. Be5 Ke6 35. c4 c5 36. Rg6+ Kf7 37. Rxb6 cxd4 38. Ra6 Bg4 39.
Rxa5 h5 40. Bf4 d3 41. Kd2 h4 42. Kxd3 h3 43. Bh2 Nh4 44. Rg5 Nf3 45. Rxg4 Nxh2
46. Rh4 Ng4 47. Rxg4 {Normal} 1-0

[Event "Rated Blitz game"]
[Site "?"]
[Date "2021.04.26"]
[Round "?"]
[White "Verandering"]
[Black "annaly1979"]
[Result "0-1"]
[WhiteElo "2470"]
[BlackElo "2384"]
[PlyCount "24"]
[EventDate "2021.??.??"]
[EventType "blitz"]

1. e4 e5 2. Nf3 d5 3. exd5 e4 4. Qe2 f5 5. d3 Nf6 6. Bg5 Be7 7. dxe4 fxe4 8.
Bxf6 Bxf6 9. Qxe4+ Kf7 10. Be2 Bxb2 11. Nbd2 Bxa1 12. O-O Bf6 {Normal} 0-1

[Event "Rated Blitz tournament UgxnSKIu"]
[Site "?"]
[Date "2021.04.26"]
[Round "?"]
[White "Alenee"]
[Black "CristianS27"]
[Result "1-0"]
[WhiteElo "2374"]
[BlackElo "2437"]
[PlyCount "121"]
[EventDate "2021.??.??"]
[EventType "blitz"]

1. e4 e5 2. Nf3 d5 3. Nxe5 dxe4 4. d4 Nd7 5. Nc4 Nb6 6. Ne3 f5 7. g3 Nf6 8. Bg2
Be7 9. O-O O-O 10. c4 c6 11. Nc3 Be6 12. b3 Kh8 13. Bh3 Qd7 14. Ng2 Rad8 15.
Be3 Bf7 16. a4 h6 17. a5 Nc8 18. Qd2 g5 19. Rad1 g4 20. Bxh6 Rg8 21. Bg5 gxh3
22. Bxf6+ Kh7 23. Bxe7 hxg2 24. Bxd8 gxf1=Q+ 25. Kxf1 Qxd8 26. Qf4 Qg5 27. Qc7
Qe7 28. Qf4 Bg6 29. d5 Qf6 30. dxc6 bxc6 31. Nxe4 Qe7 32. Ng5+ Kg7 33. Re1 Qd6
34. Re6 Qxf4 35. gxf4 c5 36. Rc6 Ne7 37. Rc7 Kf6 38. Rxc5 Rd8 39. Ke2 Rd4 40.
Ke3 Rd1 41. b4 Bh5 42. f3 Re1+ 43. Kf2 Rb1 44. b5 Ng6 45. Rc6+ Kg7 46. Ne6+ Kg8
47. a6 Nh4 48. Rc8+ Kf7 49. Ng5+ Ke7 50. Rc7+ Kd6 51. Rxa7 Kc5 52. Rc7+ Kb6 53.
Rh7 Ng6 54. Rxh5 Nxf4 55. Rh6+ Kc5 56. Ne6+ Kxc4 57. Nxf4 Kxb5 58. Rf6 Ra1 59.
h4 Kc5 60. h5 Kd4 61. Re6 {Normal} 1-0

[Event "Rated Blitz game"]
[Site "?"]
[Date "2021.04.26"]
[Round "?"]
[White "chessflash88"]
[Black "jflup"]
[Result "1-0"]
[WhiteElo "2499"]
[BlackElo "2419"]
[PlyCount "23"]
[EventDate "2021.??.??"]
[EventType "blitz"]

1. e4 e5 2. Nf3 d5 3. exd5 e4 4. Qe2 Nf6 5. Nc3 Be7 6. Nxe4 Nxd5 7. d3 O-O 8.
Bd2 Re8 9. O-O-O f5 10. Kb1 Bf8 11. Bg5 Nf6 12. Bxf6 {Normal} 1-0

[Event "Rated Blitz game"]
[Site "?"]
[Date "2021.04.26"]
[Round "?"]
[White "theken"]
[Black "annaly1979"]
[Result "1-0"]
[WhiteElo "2555"]
[BlackElo "2460"]
[PlyCount "55"]
[EventDate "2021.??.??"]
[EventType "blitz"]

1. e4 e5 2. Nf3 d5 3. exd5 e4 4. Qe2 f5 5. d3 Nf6 6. Nc3 Bb4 7. dxe4 Bxc3+ 8.
bxc3 fxe4 9. Ba3 Qxd5 10. Rd1 Qc6 11. Bb4 Bg4 12. h3 Bh5 13. g4 Bg6 14. Ne5 Qe6
15. Qb5+ Nbd7 16. Nxg6 hxg6 17. Qxb7 Rb8 18. Qxc7 Rxb4 19. cxb4 e3 20. Bc4
exf2+ 21. Kxf2 Ne4+ 22. Kg2 Qe7 23. Qc8+ Qd8 24. Qxd8+ Kxd8 25. Bb5 Nef6 26. g5
Rh5 27. gxf6 Rxb5 28. fxg7 {Normal} 1-0

[Event "Rated Blitz tournament s3aMTdXr"]
[Site "?"]
[Date "2021.04.26"]
[Round "?"]
[White "MREB"]
[Black "Killerrhino"]
[Result "0-1"]
[WhiteElo "2281"]
[BlackElo "2405"]
[PlyCount "26"]
[EventDate "2021.??.??"]
[EventType "blitz"]

1. e4 e5 2. Nf3 d5 3. Nxe5 Bd6 4. d4 dxe4 5. Bc4 Bxe5 6. dxe5 Qxd1+ 7. Kxd1 Nc6
8. Bb5 Bd7 9. Bf4 O-O-O 10. Kc1 Nge7 11. Nc3 Ng6 12. Bg5 Rde8 13. Nxe4 Rxe5 {
Normal} 0-1

[Event "Rated Blitz tournament s3aMTdXr"]
[Site "?"]
[Date "2021.04.26"]
[Round "?"]
[White "MREB"]
[Black "Killerrhino"]
[Result "0-1"]
[WhiteElo "2283"]
[BlackElo "2403"]
[PlyCount "74"]
[EventDate "2021.??.??"]
[EventType "blitz"]

1. e4 e5 2. Nf3 d5 3. Nxe5 Bd6 4. d4 dxe4 5. Bc4 Bxe5 6. Qh5 Qe7 7. dxe5 Nc6 8.
Bb5 Bd7 9. O-O Qxe5 10. Qe2 O-O-O 11. Nc3 Nf6 12. Be3 a6 13. Bxa6 Nd4 14. Bxd4
Qxd4 15. Rad1 Qb6 16. Bc4 Bf5 17. Bb3 Bg6 18. Rfe1 c6 19. Rxd8+ Rxd8 20. Na4
Qd4 21. h3 h5 22. c3 Qd2 23. Nb6+ Kc7 24. Nd5+ Rxd5 25. Bxd5 Qxe2 26. Rxe2 cxd5
27. b3 Kd6 28. Rd2 Kc5 29. Rd4 Nd7 30. b4+ Kc6 31. a4 Ne5 32. b5+ Kc5 33. Rb4
b6 34. Rb1 Nc4 35. Re1 Nb2 36. Ra1 Nc4 37. a5 Nxa5 {Normal} 0-1

[Event "Rated Rapid game"]
[Site "?"]
[Date "2021.04.26"]
[Round "?"]
[White "kouser2008"]
[Black "DarkEnemyWorld"]
[Result "1-0"]
[WhiteElo "2457"]
[BlackElo "2737"]
[PlyCount "31"]
[EventDate "2021.??.??"]
[EventType "rapid"]

1. e4 e5 2. Nf3 d5 3. Be2 Qd6 4. Bd3 Qb6 5. Bc4 Qb5 6. Bxb5+ Bd7 7. Bxd7+ Kd8
8. Nxe5 Nc6 9. d3 Nge7 10. Be3 Ng6 11. f3 Nh4 12. g3 f5 13. c4 Nb4 14. Nc3 Bc5
15. Bf4 Bb6 16. Bg5# {Normal} 1-0

[Event "Rated Blitz game"]
[Site "?"]
[Date "2021.04.26"]
[Round "?"]
[White "nebulo89"]
[Black "annaly1979"]
[Result "0-1"]
[WhiteElo "2409"]
[BlackElo "2434"]
[PlyCount "90"]
[EventDate "2021.??.??"]
[EventType "blitz"]

1. e4 e5 2. Nf3 d5 3. exd5 e4 4. Nd4 c5 5. Nb3 f5 6. c4 Nf6 7. Nc3 Bd6 8. d4 b6
9. dxc5 bxc5 10. Bg5 O-O 11. Be2 Nbd7 12. O-O a6 13. h3 Qe8 14. f3 Qg6 15. f4
h6 16. Bh4 Re8 17. Na5 e3 18. Qc2 Nh5 19. Bxh5 Qxh5 20. Bg3 Nf6 21. Nc6 Qg6 22.
Kh2 Nh5 23. Ne2 Bd7 24. Rad1 Rac8 25. Ne5 Bxe5 26. fxe5 Nxg3 27. Nxg3 Rxe5 28.
Rde1 Rce8 29. Re2 Qg5 30. Rf3 f4 31. Nf1 Bf5 32. Qc3 Be4 33. b3 Bxf3 34. gxf3
Qh4 35. Qd3 Rh5 36. Kg1 Qxh3 37. Rh2 Rg5+ 38. Kh1 Qd7 39. Qe2 Qf5 40. Rh4 Rh5
41. Rxh5 Qxh5+ 42. Nh2 Qh3 43. d6 Rd8 44. Qd3 Qe6 45. Ng4 Rxd6 {Normal} 0-1

[Event "Rated Blitz game"]
[Site "?"]
[Date "2021.04.26"]
[Round "?"]
[White "LuisMedarde"]
[Black "annaly1979"]
[Result "1/2-1/2"]
[WhiteElo "2478"]
[BlackElo "2445"]
[PlyCount "102"]
[EventDate "2021.??.??"]
[EventType "blitz"]

1. e4 e5 2. Nf3 d5 3. exd5 e4 4. Qe2 f5 5. d3 Nf6 6. Nc3 Bb4 7. Bd2 Bxc3 8.
Bxc3 O-O 9. Nd4 c5 10. dxc6 Nxc6 11. Nxc6 bxc6 12. O-O-O Ba6 13. Qd2 Qe7 14.
dxe4 Nxe4 15. Qe3 Bxf1 16. Rhxf1 Qf7 17. Kb1 Rae8 18. Rfe1 f4 19. Qd4 c5 20.
Qa4 Nxc3+ 21. bxc3 Rb8+ 22. Ka1 Qf6 23. Qc4+ Kh8 24. Rb1 a5 25. Rxb8 Rxb8 26.
Rb1 Rb4 27. Rxb4 axb4 28. Kb2 h6 29. Qxc5 bxc3+ 30. Qxc3 Qb6+ 31. Qb3 Qxf2 32.
Qb7 Qd4+ 33. Kb3 Qg1 34. Qc8+ Kh7 35. Qf5+ Kh8 36. Qxf4 Qxg2 37. a4 Qd5+ 38.
Kb4 Qb7+ 39. Ka3 Qe7+ 40. Kb3 Qe6+ 41. c4 Qb6+ 42. Kc3 Qa5+ 43. Kb3 Qb6+ 44.
Ka2 Qb4 45. Qc1 Qxa4+ 46. Kb2 Qb4+ 47. Ka2 Qa4+ 48. Kb1 Qb3+ 49. Ka1 Qa4+ 50.
Kb2 Qb4+ 51. Ka2 Qa4+ {Normal} 1/2-1/2

[Event "Rated Blitz game"]
[Site "?"]
[Date "2021.04.26"]
[Round "?"]
[White "superspeed"]
[Black "Gifroy"]
[Result "0-1"]
[WhiteElo "2439"]
[BlackElo "2404"]
[PlyCount "72"]
[EventDate "2021.??.??"]
[EventType "blitz"]

1. e4 e5 2. Nf3 d5 3. exd5 e4 4. Qe2 Nf6 5. Nc3 Be7 6. Nxe4 O-O 7. Nxf6+ Bxf6
8. d4 c6 9. dxc6 Nxc6 10. c3 Bg4 11. Be3 Re8 12. O-O-O Qa5 13. Kb1 Be6 14. b3
a6 15. Qc2 b5 16. Bd3 g6 17. Rhe1 Rac8 18. Bd2 b4 19. c4 Nxd4 20. Nxd4 Bxd4 21.
f4 Bg4 22. Rc1 Qc5 23. h3 Bd7 24. g4 a5 25. f5 a4 26. fxg6 fxg6 27. Bxg6 hxg6
28. Qxg6+ Bg7 29. Bh6 Qd4 30. Bxg7 Qxg7 31. Qd6 axb3 32. axb3 Ra8 33. Rxe8+
Rxe8 34. Qxb4 Qg6+ 35. Kb2 Re2+ 36. Ka1 Qa6+ {Normal} 0-1

[Event "Rated Blitz game"]
[Site "?"]
[Date "2021.04.26"]
[Round "?"]
[White "Pokemon777"]
[Black "Gifroy"]
[Result "0-1"]
[WhiteElo "2410"]
[BlackElo "2438"]
[PlyCount "132"]
[EventDate "2021.??.??"]
[EventType "blitz"]

1. e4 e5 2. Nf3 d5 3. exd5 e4 4. Qe2 Nf6 5. Nc3 Be7 6. Nxe4 O-O 7. Nxf6+ Bxf6
8. d4 c6 9. Be3 Bg4 10. h3 Bh5 11. g4 Bg6 12. Bg2 cxd5 13. O-O Nc6 14. c3 Re8
15. Qd2 Be4 16. Rfe1 Rc8 17. Ng5 Bxg2 18. Kxg2 Rxe3 19. Qxe3 Bxg5 20. f4 Be7
21. Re2 Bd6 22. Rae1 Kf8 23. Qd3 Qh4 24. Qf5 Rd8 25. Qxd5 g6 26. Qf3 g5 27.
fxg5 Qxg5 28. Rf1 Rd7 29. b3 a5 30. Qf5 Qxf5 31. Rxf5 f6 32. Rxf6+ Kg7 33. Rf5
b6 34. d5 Ne7 35. Rg5+ Kf6 36. h4 h6 37. Re6+ Kf7 38. Rxh6 Bf4 39. Rh7+ Kf6 40.
Rf5+ Nxf5 41. Rxd7 Nxh4+ 42. Kh3 Ng6 43. Rb7 Be3 44. b4 axb4 45. cxb4 Nf4+ 46.
Kg3 Nxd5 47. a4 Nxb4 48. a5 bxa5 49. Rb5 Nc6 50. g5+ Ke6 51. Kf3 Bd4 52. Ke4
Kd6 53. g6 Bg7 54. Rb7 Bf6 55. g7 Bxg7 56. Rxg7 Kc5 57. Rg6 Kb5 58. Rg5+ Kb4
59. Kd5 Na7 60. Kd4 Nb5+ 61. Kd5 a4 62. Rg4+ Kb3 63. Rg3+ Nc3+ 64. Kd4 Kb2 65.
Rxc3 a3 66. Kc4 a2 {Time forfeit} 0-1

[Event "Rated Blitz game"]
[Site "?"]
[Date "2021.04.26"]
[Round "?"]
[White "Xb32"]
[Black "annaly1979"]
[Result "1-0"]
[WhiteElo "2457"]
[BlackElo "2455"]
[PlyCount "31"]
[EventDate "2021.??.??"]
[EventType "blitz"]

1. e4 e5 2. Nf3 d5 3. Nxe5 Qe7 4. d4 f6 5. Qh5+ g6 6. Nxg6 Qxe4+ 7. Be2 Qxg6 8.
Qxd5 Ne7 9. Qa5 b6 10. Qc3 Bb7 11. Qxc7 Qxg2 12. Rf1 Na6 13. Bb5+ Kf7 14. Bc4+
Kg7 15. Qf4 Ng6 16. Qh6# {Normal} 1-0

[Event "Rated Blitz game"]
[Site "?"]
[Date "2021.04.26"]
[Round "?"]
[White "jim2600"]
[Black "legato"]
[Result "0-1"]
[WhiteElo "2486"]
[BlackElo "2449"]
[PlyCount "72"]
[EventDate "2021.??.??"]
[EventType "blitz"]

1. e4 e5 2. Nf3 d5 3. exd5 Bd6 4. d4 e4 5. Ne5 Nf6 6. c4 O-O 7. Nc3 c5 8. dxc5
Bxe5 9. Be2 Nbd7 10. Be3 Qc7 11. Nb5 Qa5+ 12. Qd2 Qxd2+ 13. Kxd2 a6 14. Nc3 Ne8
15. b4 f5 16. g3 a5 17. b5 Ndf6 18. c6 bxc6 19. dxc6 Nd6 20. a4 Be6 21. c5 Nc4+
22. Bxc4 Rfd8+ 23. Kc2 Bxc4 24. Rad1 Bd3+ 25. Kb3 Kf7 26. h4 Ke6 27. Rd2 Ng4
28. Rhd1 Nxe3 29. fxe3 Bxg3 30. Ne2 Be5 31. Nc1 f4 32. Nxd3 fxe3 33. Nxe5 Rxd2
34. Re1 Kxe5 35. b6 Kd5 36. b7 Rb8 {Normal} 0-1